| 000 | 00484nam a2200133Ia 4500 | ||
|---|---|---|---|
| 008 | 171212s9999 xx 000 0 und d | ||
| 020 | _a9781474402965 | ||
| 100 | _aPrice, Fiona | ||
| 245 |
_cPrice, Fiona _aReinventing Liberty _bNation, Commerce and the British Historical Novel from Walpole to Scott |
||
| 260 |
_bEdinburgh University Press _c2016 |
||
| 440 | _aEdinburgh Critical Studies in Romanticism | ||
| 650 | _aHistory | ||
| 856 | _uhttp://jstor.org/stable/10.3366/j.ctt1bh2jss | ||
| 999 |
_c351469 _d351469 |
||